Emeril's Restaurants...Bammm!!! Quiz Stats

Quiz not verified by Sporcle

Challenge
Share
Tweet
Embed
Score 0/13 Timer 06:00
0 Plays Today
Hint Restaurant % Correct
Named for the chef and the cityEmeril's New Orleans
91.4%
Named for a common abbreviation for it's city and stateNOLA Restaurant
77.1%
See Clue #1Emeril's Orlando
74.3%
Named for a specific preparation of beefEmeril's Delmonico
71.4%
It follows D2 and E1 in a game of battleshipE2 Emeril's Eatery (also E2GO)
65.7%
When Table 9's full, you get seated at...Table 10
54.3%
Type of sandwich with ground beef on a bun AND the opposite of lessBurgers And More By Emeril
48.6%
Named for a hard to pronounce New Orleans streetEmeril's Tchoup Chop
45.7%
Chef's last name, and the place you'd catch a baseball gameLagasse Stadium
45.7%
Named for the chef and the type of food in which Giada specializesEmeril's Italian Table
45.7%
Named for the city where Emeril got his start, and another word for seafoodEmeril's New Orleans Fish House
42.9%
Named for the same beef preparation as Clue #2Delmonico Steakhouse
42.9%
Named for the chef and a cut of porkEmeril's Chop House
40%

You're not logged in!

Compare scores with friends on all Sporcle quizzes.
Join for Free
OR
Log In

You Might Also Like...

Show Comments

Extras

Top Quizzes Today


Score Distribution

Your Account Isn't Verified!

In order to create a playlist on Sporcle, you need to verify the email address you used during registration. Go to your Sporcle Settings to finish the process.

Report this User

Report this user for behavior that violates our Community Guidelines.

Details: